Memoria acerca del estado del colegio y escuelas de Santa María de Cée (Record no. 162453)

MARC details
000 -LEADER
campo de control de longitud fija 00849nam a2200181 i 4500
001 - NÚMERO DE CONTROL
campo de control 162453
003 - IDENTIFICADOR DE NÚMERO DE CONTROL
campo de control ES-MaACL
005 - FECHA Y HORA DE LA ÚLTIMA TRANSACCIÓN
campo de control 20230906212529.0
008 - DATOS DE LONGITUD FIJA--INFORMACIÓN GENERAL
campo de control de longitud fija 041111s1899 sp |||| | spa d
040 ## - FUENTE DE CATALOGACIÓN
Centro catalogador/agencia de origen CAM
Lengua de catalogación spa
Centro/agencia transcriptor CAM
100 1# - ENTRADA PRINCIPAL--NOMBRE DE PERSONA
Nombre de persona Porrúa Rodríguez, Manuel.
9 (RLIN) 131288
245 10 - MENCIÓN DEL TÍTULO
Título Memoria acerca del estado del colegio y escuelas de Santa María de Cée
Resto del título : curso de 1898 á 1899 /
Mención de responsabilidad, etc. escrita y leída por Manuel Porrúa Rodríguez.
260 ## - PUBLICACIÓN, DISTRIBUCIÓN, ETC.
Lugar de publicación, distribución, etc. Madrid :
Nombre del editor, distribuidor, etc. [s.n.],
Fecha de publicación, distribución, etc. 1899 (
Fabricante Imprenta de Hernando y Compañía)
300 ## - DESCRIPCIÓN FÍSICA
Extensión [1] h. de lám., 63 p. ;
Dimensiones 24 cm.
597 ## - NOTA DE DESCRIPCIÓN FÍSICA
NOTA DE DESCRIPCIÓN FÍSICA La h. de lám. es una fotografía del Colegio y un retrato del fundador Fernando Blanco de Lema.
710 2# - ENTRADA AGREGADA--NOMBRE DE ENTIDAD CORPORATIVA
Nombre de entidad corporativa o nombre de jurisdicción como elemento de entrada Colegio-Instituto de Santa María de Cée.
9 (RLIN) 134272
852 ## - LOCALIZACIÓN
Ubicación ES-MaACL
Número de control de estantería T-933-F-5
Nota libre -- Enc. hol. conservando la cub. original
-- -- Enc. en un vol. facticio
Holdings
Estatus retirado Estado de pérdida Estado de daño No para préstamo Colección Biblioteca de origen Biblioteca actual Ubicación en estantería Fecha de adquisición Fuente de adquisición Total de préstamos Signatura topográfica completa Código de barras Visto por última vez Precio de reemplazo Tipo de ítem Koha
        Colección de folletos Biblioteca del Ateneo de Madrid Biblioteca del Ateneo de Madrid Depósito folletos 17/01/2008     T-933-F-5 1170190 23/02/2023 23/02/2023 Folleto